|
|
|
|
| LEADER |
00922nam a2200217 a 4500 |
| 001 |
GR-MES11164 |
| 008 |
061128s nyu b 001 0 gre d |
| 020 |
|
|
|a 047084972X
|
| 020 |
|
|
|a 0470849738
|
| 040 |
|
|
|a GrPaTEI
|b gre
|c GR-PaULI
|
| 040 |
|
|
|a GrPaTEI
|b gre
|c GR-PaULI
|
| 100 |
0 |
|
|a STRANGE RICHARD
|
| 245 |
1 |
0 |
|a Introduction to plant pathology /
|c Richard N. Strange.
|
| 260 |
|
|
|a New York :
|b Wiley,
|c c2003
|
| 300 |
|
|
|a xvi , 464σ. :
|b εικ. (μερικές έγχρ.) ;
|c 25εκ.
|
| 504 |
|
|
|a Περιλαμβάνει βιβλιογραφικές παραπομπές (σ. [375]-438 ) και ευρετήριο
|
| 650 |
|
0 |
|a PLANT DISEASES
|
| 942 |
|
|
|2 ddc
|
| 952 |
|
|
|0 0
|1 0
|2 ddc
|4 0
|6 632_300000000000000_STR
|7 0
|9 270312
|a MSLG
|b MSLG
|c BSC
|d 2021-01-17
|e 24
|f 0
|g 0.00
|l 0
|o 632.3 STR
|p 2420000019593
|r 2021-01-17 00:00:00
|t 1
|w 2021-01-17
|y BK15
|x 20061128 0 1
|x GrPaTEI
|
| 971 |
|
|
|a .b25772119
|b 15-04-20
|c 13-09-16
|
| 999 |
|
|
|c 156105
|d 156105
|